NCAA Institutions in Washington - Statistics

General Stats
  • This quiz has been taken 24 times
  • The average score is 9 of 13
Answer Stats
Conference School Team Name % Correct
Division I Big Sky Eastern Washington Eagles
100%
Division I Big Ten Washington Huskies
100%
Division I Pac-12 Washington State Cougars
100%
Division I West Coast Gonzaga Bulldogs
92%
Division I WAC Seattle Redhawks
92%
Division II Great Northwest Western Washington Vikings
67%
Division II Great Northwest Central Washington Wildcats
58%
Division II Great Northwest Seattle Pacific Falcons
50%
Division III Northwest Pacific Lutheran Lutes
42%
Division III Northwest Puget Sound Loggers
42%
Division III Northwest Whitman Blues
42%
Division III Northwest Whitworth Pirates
42%
Division II Great Northwest Saint Martin's Saints
33%
No matching quizzes found
Score Distribution
Percent of People with Each Score
Percentile by Number Answered
Your Score History
You have not taken this quiz